书目信息 |
| 题名: |
协调博奕
|
|
| 作者: | 库珀 著 ;张军 , 李池 译 | |
| 分册: | ||
| 出版信息: | 北京 中国人民大学出版社 2001 |
|
| 页数: | 190页 | |
| 开本: | 32开 | |
| 丛书名: | 经济科学前沿译丛 | |
| 单 册: | ||
| 中图分类: | F015 | |
| 科图分类: | ||
| 主题词: | 宏观经济学--概论 | |
| 电子资源: | ||
| ISBN: | 7-300-03674-0 | |
| 000 | 00816nam0 2200253 45 | |
| 001 | 0301161511 | |
| 005 | 20031219104103.6 | |
| 010 | @a7-300-03674-0@dCNY14.00 | |
| 100 | @a20030116d2001 km y0chiy0120 ea | |
| 101 | 0 | @achi@ceng |
| 105 | @a z 000yy | |
| 200 | 1 | @a协调博奕@AXie Diao Bo Yi@e互补性与宏观经济学@EHu Bu Xing Yu Hong Guan Jing Ji Xue@f(美)库珀著@F(Mei)Ku Po Zhu@g张军,李池译 |
| 210 | @a北京@c中国人民大学出版社@d2001 | |
| 215 | @a190页@d32开 | |
| 225 | @a经济科学前沿译丛 | |
| 410 | @12001 @a经济科学前沿译丛 | |
| 517 | @a互补性与宏观经济学@AHu Bu Xing Yu Hong Guan Jing Ji Xue | |
| 606 | 0 | @a宏观经济学@x概论 |
| 690 | @aF015@v4 | |
| 701 | @a库珀@4著 | |
| 702 | 0 | @a张军@AZhang Jun@4译 |
| 702 | 0 | @a李池@ALi Chi@4译 |
| 801 | @aCN@bTSTC@c20030116 | |
| 905 | @b319458-462@dF015@e165@f5 | |
| 协调博奕:互补性与宏观经济学/(美)库珀著/张军,李池译.-北京:中国人民大学出版社,2001 |
| 190页;32开.-(经济科学前沿译丛) |
| ISBN 7-300-03674-0:CNY14.00 |
| ● |
| 相关链接 |
|
|
|
|
正题名:协调博奕
索取号:F015/165
 
预约/预借
| 序号 | 登录号 | 条形码 | 馆藏地/架位号 | 状态 | 备注 |
| 1 | 0319458 | 203194587 | 第一借阅区/ [索取号:F015/165] | 在馆 | |
| 2 | 0319459 | 203194596 | 第一借阅区/ [索取号:F015/165] | 在馆 | |
| 3 | 0319460 | 203194603 | 第一借阅区/ [索取号:F015/165] | 在馆 | |
| 4 | 0319461 | 203194612 | 第一借阅区/ [索取号:F015/165] | 在馆 | |
| 5 | 0319462 | 203194621 | 第一样本阅览室/ [索取号:F015/165] | 在馆 |